Govt. of
Madhya Pradesh

Madhya Pradesh General Knowlwdge (Record no. 65528)

MARC details
000 -LEADER
fixed length control field 00266nam a22001097a 4500
082 ## - DEWEY DECIMAL CLASSIFICATION NUMBER
Classification number 001
100 ## - MAIN ENTRY--AUTHOR NAME
Personal name Maheshwari,Mukesh
245 ## - TITLE STATEMENT
Title Madhya Pradesh General Knowlwdge
260 ## - PUBLICATION, DISTRIBUTION, ETC. (IMPRINT)
Place of publication Indore MP
Name of publisher Vaishnavi Prakashan
Year of publication 2022
650 ## - SUBJECT ADDED ENTRY--TOPICAL TERM
Topical Term Mp Gk
942 ## - ADDED ENTRY ELEMENTS (KOHA)
Koha item type Books
Holdings
Withdrawn status Lost status Damaged status Not for loan Home library Current library Date acquired Cost, normal purchase price Full call number Accession Number Price effective from Koha item type
        MACL MACL 12/11/2022 500.00 001 DPI001105 12/11/2022 Books